Out of the depths: (Record no. 13694)

000 -LEADER
fixed length control field 00886nam a2200241 a 4500
001 - CONTROL NUMBER
control field :::00011517$&:&@@
003 - CONTROL NUMBER IDENTIFIER
control field OkBaRHE
005 - DATE AND TIME OF LATEST TRANSACTION
control field 20100402115654.0
008 - FIXED-LENGTH DATA ELEMENTS--GENERAL INFORMATION
fixed length control field s1981 j 000 0 eng u
040 ## - CATALOGING SOURCE
Transcribing agency
100 1# - MAIN ENTRY--PERSONAL NAME
Personal name Newton, John, 1725-1807.
245 10 - TITLE STATEMENT
Title Out of the depths:
Remainder of title the autobiography of John Newton.
Statement of responsibility, etc Introduction by Herbert Lockyer; illustrations by Ron McCarty.
250 ## - EDITION STATEMENT
Edition statement Shepherd illustrated classic ed.
260 ## - PUBLICATION, DISTRIBUTION, ETC. (IMPRINT)
Place of publication, distribution, etc New Canaan, CT., :
Name of publisher, distributor, etc Keats
Date of publication, distribution, etc 1981
300 ## - PHYSICAL DESCRIPTION
Extent 135 p. : illus. ;
Dimensions 21 cm.
490 0# - SERIES STATEMENT
Series statement A Shepherd illustrated classic.
650 ## - SUBJECT ADDED ENTRY--TOPICAL TERM
Topical term or geographic name as entry element Church of England
General subdivision Clergy
-- Biography
650 ## - SUBJECT ADDED ENTRY--TOPICAL TERM
Topical term or geographic name as entry element Clergy
General subdivision England
-- Biography
650 ## - SUBJECT ADDED ENTRY--TOPICAL TERM
Topical term or geographic name as entry element Newton, John, 1725-1807
700 ## - ADDED ENTRY--PERSONAL NAME
Personal name Haweis, Thomas, 1734-1820.
942 ## - ADDED ENTRY ELEMENTS (KOHA)
Source of classification or shelving scheme
Koha item type Books
Copies
Shelving location Date acquired Copy number Permanent Location Koha item type Barcode Source of classification or shelving scheme Withdrawn status Damaged status Lost status Price effective from Date last seen Not for loan Full call number
General Stacks2010-04-141RHEMA Bible Training CollegeBooks11517    2010-04-142010-04-14 BX 5199 .N55 A33